Análisis y reforzamiento estructural Templo de Santo Domingo /

Bibliographic Details
Main Author: Vázquez Calero, José (Author)
Format: Electronic eBook
Language:Spanish
Published: Cuenca, Ecuador : Universidad del Azuay, Casa Editora, [2024]
Subjects:
Online Access:Digitalia Hispánica

MARC

LEADER 00000nam a2200000Ii 4500
001 DIGUAZUAY0253
003 NyNyDIG
006 m o d
007 cr |||||||||||
008 251104s2024 ec o 000 0 spa d
035 |a (OCoLC)1500711836 
040 |a DGITA  |b eng  |e rda  |e pn  |c DGITA 
020 |a 9789942645746  |q eBook 
020 |z 9789942645739 
020 |z 9789942645753 
043 |a s-ec--- 
050 1 4 |a NA9053.C48 ebook 
100 1 |a Vázquez Calero, José,  |e author. 
245 1 0 |a Análisis y reforzamiento estructural Templo de Santo Domingo /  |c José Vázquez Calero [and 3 others]. 
264 1 |a Cuenca, Ecuador :  |b Universidad del Azuay, Casa Editora,  |c [2024] 
300 |a 1 online resource. 
336 |a text  |b txt  |2 rdacontent 
337 |a computer  |b c  |2 rdamedia 
338 |a online resource  |b cr  |2 rdacarrier 
347 |a text file  |2 rdaft 
347 |b PDF 
588 0 |a Online resource; title from PDF title page (Digitalia, viewed November 4, 2025) 
650 0 |a Church architecture  |x Conservation and restoration  |z Ecuador  |z Cuenca. 
791 2 |a Digitalia (Firm),  |e distributor. 
793 0 |g Digitalia eBook Collection:  |a Universidad del Azuay 
776 0 8 |i Print version:  |a Vázquez Calero, José.  |t Análisis y reforzamiento estructural Templo de Santo Domingo.  |d Cuenca, Ecuador : Universidad del Azuay, Casa Editora, [2024]  |z 9789942645753 
856 4 0 |3 Digitalia Hispánica  |u https://www.digitaliapublishing.com/a/170481/ 
910 |a Premium collection: 2025